| 000 | 01207cam a2200373 i 4500 | ||
|---|---|---|---|
| 001 | 5645 | ||
| 003 | FISKH | ||
| 005 | 20250109100626.0 | ||
| 008 | 121208s2013 nyua j 000 0 eng | ||
| 010 | _a 2012034675 | ||
| 020 | _a9780448463766 (pbk) | ||
| 020 | _a9780448463766 | ||
| 020 | _a9780448465050 (hc) | ||
| 040 |
_aDLC _beng _cDLC _erda _dDLC |
||
| 050 | _aS519.A535 | ||
| 082 | _a636.01 | ||
| 100 | 1 | _aAndrews, Alexa. | |
| 245 | 1 | 0 |
_aOn a farm / _cby Alexa Andrews ; illustrated by Candice Keimig, and with photographs. |
| 260 |
_aNew York ; _bPenguin Young Reader, _c2013. |
||
| 300 |
_a32 pages : _bcolor illustrations ; _c23 cm. |
||
| 336 |
_atext _2rdacontent |
||
| 337 |
_aunmediated _2rdamedia |
||
| 338 |
_avolume _2rdacarrier |
||
| 490 | 0 | _aPenguin young readers. Level 1 | |
| 505 | _aD | ||
| 520 | _aPigs live on a farm. Apples grow on a farm. Tractors dive on a farm. What else might you find on a farm? | ||
| 521 |
_a160
_bLexile estimate |
||
| 521 |
_aD
_bRaz-Plus |
||
| 650 | 0 |
_aFarms _vJuvenile literature. |
|
| 700 | 1 |
_aKeimig, Candice, _eillustrator. |
|
| 906 |
_a7 _bcbc _corignew _d1 _eecip _f20 _gy-gencatlg |
||
| 942 |
_2ddc _cBK _n0 |
||
| 999 |
_c5645 _d5645 |
||